Fanny Kemble, a passionate Victorian,

Saved in:
Bibliographic Details
Main Author: Armstrong, Margaret, 1867-1944
Format: Book
Language:English
Published: New York, Macmillan, 1938.
Subjects:
LEADER 01238nam a22003371a 4500
001 c000322736
003 CARM
005 20001008210804.0
008 741220s1938 nyuc 000 0beng
010 |a 38027492 //r954 
019 1 |a 632196  |5 LACONCORD2021 
035 |a (OCoLC)8989531  |5 LACONCORD2021 
040 |a LC  |b eng  |c LC  |d LC 
050 4 |a PN2598.K4  |b A8 
050 0 0 |a PN2598.K4  |b A8 
082 0 0 |a 927.92 
082 0 4 |a 927.92 
100 1 |a Armstrong, Margaret,  |d 1867-1944. 
245 1 0 |a Fanny Kemble, a passionate Victorian,  |c by Margaret Armstrong. 
260 |a New York,  |b Macmillan,  |c 1938. 
300 |a 387 p.  |b front. (port.)  |c 24 cm. 
500 |a Illustrated lining-papers. 
600 1 0 |a Kemble, Fanny,  |d 1809-1893. 
600 1 4 |a Kemble, Fanny,  |d 1809-1893. 
650 0 |a Plantation owners' spouses  |z Georgia  |x Biography. 
650 0 |a Married women  |z Georgia  |x Biography. 
650 0 |a Actors  |z England  |x Biography. 
651 0 |a Great Britain  |x History  |y Victoria, 1837-1901  |x Biography. 
852 8 |b CARM  |h A2:AH37H0  |i C08942  |p 0346127  |f BK 
999 f f |i cadd13b3-7628-50e0-8346-01e538a64d32  |s 134bcb23-7733-5d65-a895-87ff3182791d 
952 f f |p Can circulate  |a CAVAL  |b CAVAL  |c CAVAL  |d CARM 1 Store  |e C08942  |f A2:AH37H0  |h Other scheme  |i book  |m 0346127